|
|
|
|
| LEADER |
00000nam0a2200000 4500 |
| 001 |
317379 |
| 005 |
20231102002952.0 |
| 010 |
|
|
|a 9785801903569
|
| 035 |
|
|
|a (RuTPU)RU\TPU\book\342847
|
| 090 |
|
|
|a 317379
|
| 100 |
|
|
|a 20160407d2015 m y0rusy50 ca
|
| 101 |
0 |
|
|a rus
|
| 102 |
|
|
|a RU
|
| 105 |
|
|
|a a j 001zy
|
| 200 |
1 |
|
|a Основы подземной геотехнологии
|e учебное пособие
|f В. К. Багазеев, Н. Г. Валиев, К. В. Кокарев
|g Уральский государственный горный университет (УГГУ)
|
| 210 |
|
|
|a Екатеринбург
|c Изд-во УГГУ
|d 2015
|
| 215 |
|
|
|a 198 с.
|c ил.
|
| 320 |
|
|
|a Библиогр.: с. 157-158
|
| 606 |
1 |
|
|a Полезные ископаемые твердые
|x Системы разработки
|x Подземный способ
|2 stltpush
|3 (RuTPU)RU\TPU\subj\50124
|9 68871
|
| 610 |
1 |
|
|a горные породы
|
| 610 |
1 |
|
|a горнотехнологические ххарактеристики
|
| 610 |
1 |
|
|a рудные месторождения
|
| 610 |
1 |
|
|a подземная разработка
|
| 610 |
1 |
|
|a горнотехнические условия
|
| 610 |
1 |
|
|a подземные горные работы
|
| 610 |
1 |
|
|a подземные выработки
|
| 610 |
1 |
|
|a горизонтальные горные выработки
|
| 610 |
1 |
|
|a проходка
|
| 610 |
1 |
|
|a крепление
|
| 610 |
1 |
|
|a шахтные поля
|
| 610 |
1 |
|
|a вскрытие
|
| 610 |
1 |
|
|a подготовка
|
| 610 |
1 |
|
|a очистная выемка
|
| 610 |
1 |
|
|a угольные месторождения
|
| 610 |
1 |
|
|a россыпные месторождения
|
| 610 |
1 |
|
|a напряжения
|
| 610 |
1 |
|
|a деформации
|
| 610 |
1 |
|
|a геомеханический контроль
|
| 610 |
1 |
|
|a учебные пособия
|
| 675 |
|
|
|a 622.3:622.272(075.8)
|v 4
|
| 700 |
|
1 |
|a Багазеев
|b В. К.
|g Виктор Константинович
|
| 701 |
|
1 |
|a Валиев
|b Н. Г.
|g Нияз Гадым-оглы
|
| 701 |
|
1 |
|a Кокарев
|b К. В.
|g Константин Владимирович
|
| 712 |
0 |
2 |
|a Уральский государственный горный университет (УГГУ)
|c (2004- )
|c (Екатеринбург)
|2 stltpush
|3 (RuTPU)RU\TPU\col\9082
|
| 801 |
|
1 |
|a RU
|b 63413507
|c 20160407
|
| 801 |
|
2 |
|a RU
|b 63413507
|c 20160713
|g RCR
|
| 942 |
|
|
|c BK
|
| 959 |
|
|
|a 34/20160407
|d 1
|e 1412,00
|f ЧЗТЛ:1
|